000 00780nam a2200241 a 4500
001 46845
003 BD-RjUL
005 20211209054221.0
008 160804s1962 enkb b 00100 eng d
035 _a(BD-RjUL)46964
040 _dCStRLIN
_dBD-RjUL
_aBD-RjUL
_beng
_cBD-RjUL
041 _aeng
082 _223
_a333.3096
_bELN 1962
100 1 _aElias, T. O.
_q(Taslim Olawale)
_9142708
245 1 0 _aNigerian land law and custom /
_cT. Olawale Elias.
250 _a3rd ed., rev.
260 0 _aLondon :
_bRoutledge & Kegan Paul,
_cc1962.
300 _axxix, 386 p. :
_bill. ;
_c22 cm.
504 _aIncludes bibliographical references and index.
650 0 _aLand tenure
_xLaw and legislation
_zNigeria.
_9142709
650 0 _aReal property
_zNigeria.
_9142710
942 _2ddc
_cBK
999 _c46845
_d46845